|
|
|
|
| LEADER |
01178nab#a2200361#ar4500 |
| 001 |
000116421 |
| 003 |
SVKKK |
| 005 |
20151209104521.0 |
| 008 |
151209c2015 xo |||||||||||||||b|slo |
| FMT |
|
|
|
| 015 |
|
|
|a SNBRB2015/12
|
| 038 |
|
|
|a SVKKK
|
| 040 |
|
|
|a SVKKK
|b slo
|e AACR2
|
| 041 |
0 |
|
|a slo
|
| 044 |
|
|
|a xo
|c SK
|
| 080 |
|
|
|a 502.174.1
|2 2011
|
| 080 |
|
|
|a 628.4
|2 2011
|
| 245 |
1 |
0 |
|a Ciele v oblasti nakladania s odpadom sú príliš ambiciózne
|b Životné prostredie Európy – stav a perspektíva 2015. Tzv. obehový balíček by sa mal uzatvoriť počas slovenského predsedníctva v Rade EÚ
|c [autor] (rab)
|
| 300 |
|
|
|b Fotogr.
|
| 630 |
0 |
4 |
|a Životné prostredie Európy - stav a perspektíva 2015 (SOER) (správa)
|
| 650 |
0 |
4 |
|a nakladanie s odpadmi
|
| 650 |
0 |
4 |
|a komunálne odpady
|
| 650 |
0 |
4 |
|a recyklácia
|
| 773 |
0 |
|
|t 21. storočie : magazín pre priemyselnú ekológiu
|g Roč. 18, č. 2 (2015)
|x 1335-874X
|
| 773 |
0 |
|
|i Príl.:
|t Recyklačný priemysel
|g Č. 2 (2015), s. 37-38
|
| 958 |
|
|
|a SK
|
| 974 |
|
|
|a Va
|
| 992 |
|
|
|a RBX
|
| BAS |
|
|
|
| 852 |
|
|
|a SVKKK
|b BIB
|
| 856 |
4 |
1 |
|a http://www.21storocie.sk/data/2_2015-web.pdf
|
| EXP |
|
|
|
| 998 |
|
|
|a GEO
|